Introduction to Bioinformatics (Record no. 589962)
[ view plain ]
| 000 -LEADER | |
|---|---|
| fixed length control field | 00424nam a22001457a 4500 |
| 020 ## - INTERNATIONAL STANDARD BOOK NUMBER | |
| International Standard Book Number | 9788177586411 |
| 040 ## - CATALOGING SOURCE | |
| Transcribing agency | NUST |
| 082 ## - DEWEY DECIMAL CLASSIFICATION NUMBER | |
| Classification number | 572.80285 ATT |
| 100 ## - MAIN ENTRY--PERSONAL NAME | |
| Personal name | Attwood, Teresa K |
| 9 (RLIN) | 91827 |
| 110 ## - MAIN ENTRY--CORPORATE NAME | |
| Corporate name or jurisdiction name as entry element | Parry-Smith, David J. Phukan, Samiron |
| 9 (RLIN) | 91828 |
| 245 ## - TITLE STATEMENT | |
| Title | Introduction to Bioinformatics |
| 260 ## - PUBLICATION, DISTRIBUTION, ETC. | |
| Place of publication, distribution, etc. | NEW DELHI: |
| Name of publisher, distributor, etc. | PEARSON EDUCATION, |
| Date of publication, distribution, etc. | 2014. |
| 650 ## - SUBJECT ADDED ENTRY--TOPICAL TERM | |
| Topical term or geographic name entry element | Molecular biology-Data processing |
| 9 (RLIN) | 91829 |
| 942 ## - ADDED ENTRY ELEMENTS (KOHA) | |
| Source of classification or shelving scheme | |
| Koha item type | Book |
| Withdrawn status | Lost status | Source of classification or shelving scheme | Damaged status | Not for loan | Permanent Location | Current Location | Shelving location | Date acquired | Total Checkouts | Full call number | Barcode | Date last seen | Price effective from | Koha item type |
|---|---|---|---|---|---|---|---|---|---|---|---|---|---|---|
| College of Electrical & Mechanical Engineering (CEME) | College of Electrical & Mechanical Engineering (CEME) | General Stacks | 05/24/2022 | 572.80285 ATT | CEME-47880 | 05/24/2022 | 05/24/2022 | Book |
